A Gerje-Perje vízgyűjtőrendszer Rotatoria és Entomostraca faunájának vizsgálata

Elmentve itt :
Bibliográfiai részletek
Szerző: Várhelyiné Zsuga Katalin
További közreműködők: Gál Dániel (Témavezető)
Dokumentumtípus: Disszertáció
Megjelent: 1982
Kulcsszavak:Biológia
Tárgyszavak:
Online Access:http://doktori.ek.szte.hu/6676
LEADER 00749nta a2200205 i 4500
001 dokt6676
005 20220718085322.0
008 220718s1982 hu om 0|| hun d
040 |a SZTE Doktori Repozitórium  |b hun 
041 |a hun 
100 2 |a Várhelyiné Zsuga Katalin 
245 1 2 |a A Gerje-Perje vízgyűjtőrendszer Rotatoria és Entomostraca faunájának vizsgálata  |h [elektronikus dokumentum] /  |c  Várhelyiné Zsuga Katalin 
260 |c 1982 
502 |a Disszertacio 
650 4 |a biológiai tudományok 
650 4 |a Természettudományok 
650 4 |a Biológiai tudományok 
695 |a Biológia 
700 1 |a Gál Dániel  |e ths 
856 4 0 |u https://doktori.bibl.u-szeged.hu/id/eprint/6676/1/1982_varhelyine_zsuga_katalin.pdf  |z Dokumentum-elérés